00321nam a2200133Ia 4500008004100000082001300041100001500054245002300069250000900092260003700101300000900138650001100147700002900158191201s2011 xx 000 0 und d a510bJAN aJAIN, M.L. 0aNumerical Analysis a9th  aNew DelhibJeevansons Pub.c2020 aMisc aBA GEN aKAUSHIK, K.L. and others